All european countries that start with the letter "S" - Statistics

General Stats
  • This quiz has been taken 51 times
  • The average score is 7 of 8
Answer Stats
Hint Answer % Correct
S Slovakia
98%
S Slovenia
98%
S Serbia
96%
S Spain
96%
S Sweden
93%
S Switzerland
93%
S San Marino
89%
S Scotland
26%
No matching quizzes found
Score Distribution
Percent of People with Each Score
Percentile by Number Answered
Your Score History
You have not taken this quiz